000 00555nam a2200193Ia 4500
005 20250508154034.0
008 008 250505s9999 xx 000 0 eng d
037 _aTextual
040 _aFEDL
_beng
_cFEDL
041 _aeng
_2eng
084 _a150, RAY
_qFEDL
100 _aRay William S
_9762200
245 0 _aProgrammed work book for the science of psychology: An introduction
260 _aLondon, UK
_bMacmillan Company
_c1964
300 _ax,291p.
650 _aPsychology
942 _cTEXL
_h150, RAY
999 _c1347213
_d1347213